000 01289nam a2200337 i 4500
001 bg
003 BPK
005 20191024122846.0
008 991005s1999 pl a |000 0 pol
015 _aPB 1999/16239
020 _a8372040931
040 _aWA N
_cBPK
041 0 _apol
080 _a621.01
080 _a62-047.42
100 1 _aLeszek, Wiesław
_d(1937- )
_eAutor
245 1 0 _aProjektowanie eksperymentalnych systemów badawczych w budowie i eksploatacji maszyn /
_cWiesław Leszek, Adam Mazurkiewicz, Magdalena Trzos.
260 _aRadom :
_bInstytut Technologii Eksploatacji,
_ccop. 1999.
300 _a127, [1] s. :
_b1 rys., wykr. ;
_c24 cm.
490 1 _aBiblioteka Problemów Eksploatacji.
504 _aBibliogr. s. 102-103.
650 4 _aEksperyment
_xstosowanie
_xtechnika.
650 4 _aEksperyment
_xteoria.
650 4 _aMaszyny
_xbudowa i konstrukcje
_xbadanie
_xmetody.
650 4 _aMaszyny
_xobsługa i eksploatacja
_xbadanie
_xmetody.
700 1 _aTrzos, Magdalena.
700 1 _aMazurkiewicz, Adam
_d(1952- )
_eAutor
856 _uhttp://koha.tu.koszalin.pl/cgi-bin/koha/opac-detail.pl?biblionumber=43685
_yKatalog online BPK
830 0 _aBiblioteka Problemów Eksploatacji
942 _2UKD
_cKS
999 _c43685
_d43685